000 00562nam a2200229 a 4500
001 nice12345678
003 IN_TiNIC
005 20260116011304.0
008 050524s1930 alia grp 000 0 urd
020 _a
_c100
082 0 0 _a017.2
_bALI
245 _aFehrist-E-Nuskh Qalmi
260 _aAligarh
_bAligarh Muslim University
_c1930
300 _a136p
500 _aincludes index and biblioraphy
505 2 _areference
650 _aManuscripts-Catalogue
710 2 _aAligarh Muslim University
902 _bSRS
942 _cBK
999 _c193
_d193